<?xml version="1.0" encoding="UTF-8"?>
<collection xmlns="http://www.loc.gov/MARC21/slim">
 <record>
  <leader>04448nas a2200565   4500</leader>
  <controlfield tag="001">1/50490</controlfield>
  <controlfield tag="008">100426s    9999xxubrzp       0   a0eng d</controlfield>
  <datafield tag="022" ind1=" " ind2=" ">
   <subfield code="a">0003-1224</subfield>
  </datafield>
  <datafield tag="035" ind1=" " ind2=" ">
   <subfield code="l">42471</subfield>
  </datafield>
  <datafield tag="040" ind1=" " ind2=" ">
   <subfield code="a">DLC</subfield>
   <subfield code="d">GR-PeUP</subfield>
  </datafield>
  <datafield tag="090" ind1=" " ind2=" ">
   <subfield code="a">Αλφαβητική σειρά</subfield>
  </datafield>
  <datafield tag="245" ind1="0" ind2="0">
   <subfield code="a">American sociological review.</subfield>
  </datafield>
  <datafield tag="260" ind1=" " ind2=" ">
   <subfield code="a">Menasha, Wis. :</subfield>
   <subfield code="b">American Sociological Society.</subfield>
  </datafield>
  <datafield tag="300" ind1=" " ind2=" ">
   <subfield code="a">τ. :</subfield>
   <subfield code="b">εικ. ;</subfield>
   <subfield code="c">26 εκ.</subfield>
  </datafield>
  <datafield tag="310" ind1=" " ind2=" ">
   <subfield code="a">Διμηνιαίο.</subfield>
  </datafield>
  <datafield tag="362" ind1="0" ind2=" ">
   <subfield code="a">Vol. 74, no. 1 (February 2009)-</subfield>
  </datafield>
  <datafield tag="546" ind1=" " ind2=" ">
   <subfield code="a">Αγγλική.</subfield>
  </datafield>
  <datafield tag="650" ind1=" " ind2="4">
   <subfield code="a">Sociology</subfield>
   <subfield code="v">Periodicals.</subfield>
  </datafield>
  <datafield tag="710" ind1="2" ind2=" ">
   <subfield code="a">American Sociological Association.</subfield>
  </datafield>
  <datafield tag="852" ind1=" " ind2=" ">
   <subfield code="a">INST</subfield>
   <subfield code="b">UNIPILB</subfield>
   <subfield code="c">SERIALS</subfield>
   <subfield code="e">20100427</subfield>
   <subfield code="h">Αλφαβητική σειρά</subfield>
   <subfield code="p">67972</subfield>
   <subfield code="q">67972</subfield>
   <subfield code="t">NOLOAN</subfield>
   <subfield code="v">vol.74;no.1:(Μήνας)February;(Έτος)2009</subfield>
   <subfield code="y">23</subfield>
  </datafield>
  <datafield tag="852" ind1=" " ind2=" ">
   <subfield code="a">INST</subfield>
   <subfield code="b">UNIPILB</subfield>
   <subfield code="c">SERIALS</subfield>
   <subfield code="e">20100706</subfield>
   <subfield code="h">Αλφαβητική σειρά</subfield>
   <subfield code="p">69397</subfield>
   <subfield code="q">69397</subfield>
   <subfield code="t">NOLOAN</subfield>
   <subfield code="v">vol.75;no.1:(Μήνας)February;(Έτος)2010</subfield>
   <subfield code="y">23</subfield>
  </datafield>
  <datafield tag="852" ind1=" " ind2=" ">
   <subfield code="a">INST</subfield>
   <subfield code="b">UNIPILB</subfield>
   <subfield code="c">SERIALS</subfield>
   <subfield code="e">20100706</subfield>
   <subfield code="h">Αλφαβητική σειρά</subfield>
   <subfield code="p">69398</subfield>
   <subfield code="q">69398</subfield>
   <subfield code="t">NOLOAN</subfield>
   <subfield code="v">vol.75;no.2:(Μήνας)April;(Έτος)2010</subfield>
   <subfield code="y">23</subfield>
  </datafield>
  <datafield tag="852" ind1=" " ind2=" ">
   <subfield code="a">INST</subfield>
   <subfield code="b">UNIPILB</subfield>
   <subfield code="c">SERIALS</subfield>
   <subfield code="e">20100826</subfield>
   <subfield code="h">Αλφαβητική σειρά</subfield>
   <subfield code="p">69682</subfield>
   <subfield code="q">69682</subfield>
   <subfield code="t">NOLOAN</subfield>
   <subfield code="v">vol.75;no.3:(Μήνας)June;(Έτος)2010</subfield>
   <subfield code="y">23</subfield>
  </datafield>
  <datafield tag="852" ind1=" " ind2=" ">
   <subfield code="a">INST</subfield>
   <subfield code="b">UNIPILB</subfield>
   <subfield code="c">SERIALS</subfield>
   <subfield code="e">20101018</subfield>
   <subfield code="h">Αλφαβητική σειρά</subfield>
   <subfield code="p">70213</subfield>
   <subfield code="q">70213</subfield>
   <subfield code="t">NOLOAN</subfield>
   <subfield code="v">vol.75;no.4:(Μήνας)August;(Έτος)2010</subfield>
   <subfield code="y">23</subfield>
  </datafield>
  <datafield tag="852" ind1=" " ind2=" ">
   <subfield code="a">INST</subfield>
   <subfield code="b">UNIPILB</subfield>
   <subfield code="c">SERIALS</subfield>
   <subfield code="e">20110125</subfield>
   <subfield code="h">Αλφαβητική σειρά</subfield>
   <subfield code="p">70950</subfield>
   <subfield code="q">70950</subfield>
   <subfield code="t">NOLOAN</subfield>
   <subfield code="v">vol.75;no.5:(Μήνας)October;(Έτος)2010</subfield>
   <subfield code="y">23</subfield>
  </datafield>
  <datafield tag="852" ind1=" " ind2=" ">
   <subfield code="a">INST</subfield>
   <subfield code="b">UNIPILB</subfield>
   <subfield code="c">SERIALS</subfield>
   <subfield code="e">20110309</subfield>
   <subfield code="h">Αλφαβητική σειρά</subfield>
   <subfield code="p">71300</subfield>
   <subfield code="q">71300</subfield>
   <subfield code="t">NOLOAN</subfield>
   <subfield code="v">vol.75;no.6:(Μήνας)December;(Έτος)2010</subfield>
   <subfield code="y">23</subfield>
  </datafield>
  <datafield tag="852" ind1=" " ind2=" ">
   <subfield code="a">INST</subfield>
   <subfield code="b">UNIPILB</subfield>
   <subfield code="c">SERIALS</subfield>
   <subfield code="e">20110725</subfield>
   <subfield code="h">Αλφαβητική σειρά</subfield>
   <subfield code="p">72455</subfield>
   <subfield code="q">72455</subfield>
   <subfield code="t">NOLOAN</subfield>
   <subfield code="v">vol.76;no.2:(Μήνας)April;(Έτος)2011</subfield>
   <subfield code="y">23</subfield>
  </datafield>
  <datafield tag="852" ind1=" " ind2=" ">
   <subfield code="a">INST</subfield>
   <subfield code="b">UNIPILB</subfield>
   <subfield code="c">SERIALS</subfield>
   <subfield code="e">20110725</subfield>
   <subfield code="h">Αλφαβητική σειρά</subfield>
   <subfield code="p">72457</subfield>
   <subfield code="q">72457</subfield>
   <subfield code="t">NOLOAN</subfield>
   <subfield code="v">vol.76;no.3:(Μήνας)June;(Έτος)2011</subfield>
   <subfield code="y">23</subfield>
  </datafield>
  <datafield tag="852" ind1=" " ind2=" ">
   <subfield code="a">INST</subfield>
   <subfield code="b">UNIPILB</subfield>
   <subfield code="c">SERIALS</subfield>
   <subfield code="e">20110725</subfield>
   <subfield code="h">Αλφαβητική σειρά</subfield>
   <subfield code="p">72460</subfield>
   <subfield code="q">72460</subfield>
   <subfield code="t">NOLOAN</subfield>
   <subfield code="v">vol.76;no.1:(Μήνας)February;(Έτος)2011</subfield>
   <subfield code="y">23</subfield>
  </datafield>
  <datafield tag="852" ind1=" " ind2=" ">
   <subfield code="a">INST</subfield>
   <subfield code="b">UNIPILB</subfield>
   <subfield code="c">SERIALS</subfield>
   <subfield code="e">20111003</subfield>
   <subfield code="h">Αλφαβητική σειρά</subfield>
   <subfield code="p">72897</subfield>
   <subfield code="q">72897</subfield>
   <subfield code="t">NOLOAN</subfield>
   <subfield code="v">vol.76;no.4:(Μήνας)August;(Έτος)2011</subfield>
   <subfield code="y">23</subfield>
  </datafield>
  <datafield tag="852" ind1=" " ind2=" ">
   <subfield code="a">INST</subfield>
   <subfield code="b">UNIPILB</subfield>
   <subfield code="c">SERIALS</subfield>
   <subfield code="e">20120116</subfield>
   <subfield code="h">Αλφαβητική σειρά</subfield>
   <subfield code="p">73971</subfield>
   <subfield code="q">73971</subfield>
   <subfield code="t">NOLOAN</subfield>
   <subfield code="v">vol.76;no.5:(Μήνας)October;(Έτος)2011</subfield>
   <subfield code="y">23</subfield>
  </datafield>
  <datafield tag="852" ind1=" " ind2=" ">
   <subfield code="a">INST</subfield>
   <subfield code="b">UNIPILB</subfield>
   <subfield code="c">SERIALS</subfield>
   <subfield code="e">20120305</subfield>
   <subfield code="h">Αλφαβητική σειρά</subfield>
   <subfield code="p">74818</subfield>
   <subfield code="q">74818</subfield>
   <subfield code="t">NOLOAN</subfield>
   <subfield code="v">vol.74;no.4:(Μήνας)August;(Έτος)2009</subfield>
   <subfield code="y">23</subfield>
  </datafield>
  <datafield tag="852" ind1=" " ind2=" ">
   <subfield code="a">INST</subfield>
   <subfield code="b">UNIPILB</subfield>
   <subfield code="c">SERIALS</subfield>
   <subfield code="e">20120511</subfield>
   <subfield code="h">Αλφαβητική σειρά</subfield>
   <subfield code="p">75400</subfield>
   <subfield code="q">75400</subfield>
   <subfield code="t">NOLOAN</subfield>
   <subfield code="v">vol.77;no.1:(Μήνας)February;(Έτος)2012</subfield>
   <subfield code="y">23</subfield>
  </datafield>
  <datafield tag="852" ind1=" " ind2=" ">
   <subfield code="a">INST</subfield>
   <subfield code="b">UNIPILB</subfield>
   <subfield code="c">SERIALS</subfield>
   <subfield code="e">20120511</subfield>
   <subfield code="h">Αλφαβητική σειρά</subfield>
   <subfield code="p">75401</subfield>
   <subfield code="q">75401</subfield>
   <subfield code="t">NOLOAN</subfield>
   <subfield code="v">vol.77;no.2:(Μήνας)April;(Έτος)2012</subfield>
   <subfield code="y">23</subfield>
  </datafield>
  <datafield tag="852" ind1=" " ind2=" ">
   <subfield code="a">INST</subfield>
   <subfield code="b">UNIPILB</subfield>
   <subfield code="c">SERIALS</subfield>
   <subfield code="e">20120625</subfield>
   <subfield code="h">Αλφαβητική σειρά</subfield>
   <subfield code="p">75826</subfield>
   <subfield code="q">75826</subfield>
   <subfield code="t">NOLOAN</subfield>
   <subfield code="v">vol.77;no.3:(Μήνας)June;(Έτος)2012</subfield>
   <subfield code="y">23</subfield>
  </datafield>
  <datafield tag="852" ind1=" " ind2=" ">
   <subfield code="a">INST</subfield>
   <subfield code="b">UNIPILB</subfield>
   <subfield code="c">SERIALS</subfield>
   <subfield code="e">20120831</subfield>
   <subfield code="h">Αλφαβητική σειρά</subfield>
   <subfield code="p">76342</subfield>
   <subfield code="q">76342</subfield>
   <subfield code="t">NOLOAN</subfield>
   <subfield code="v">vol.77;no.4:(Μήνας)August;(Έτος)2012</subfield>
   <subfield code="y">23</subfield>
  </datafield>
  <datafield tag="852" ind1=" " ind2=" ">
   <subfield code="a">INST</subfield>
   <subfield code="b">UNIPILB</subfield>
   <subfield code="c">SERIALS</subfield>
   <subfield code="e">20121026</subfield>
   <subfield code="h">Αλφαβητική σειρά</subfield>
   <subfield code="p">76959</subfield>
   <subfield code="q">76959</subfield>
   <subfield code="t">NOLOAN</subfield>
   <subfield code="v">vol.77;no.5:(Μήνας)October;(Έτος)2012</subfield>
   <subfield code="y">23</subfield>
  </datafield>
  <datafield tag="852" ind1=" " ind2=" ">
   <subfield code="a">INST</subfield>
   <subfield code="b">UNIPILB</subfield>
   <subfield code="c">SERIALS</subfield>
   <subfield code="e">20130108</subfield>
   <subfield code="h">Αλφαβητική σειρά</subfield>
   <subfield code="p">77418</subfield>
   <subfield code="q">77418</subfield>
   <subfield code="t">NOLOAN</subfield>
   <subfield code="v">vol.77;no.6:(Μήνας)December;(Έτος)2012</subfield>
   <subfield code="y">23</subfield>
  </datafield>
  <datafield tag="900" ind1=" " ind2=" ">
   <subfield code="a">Vol. 78 no. 1 (February 2013)</subfield>
   <subfield code="b">Οφειλόμενο</subfield>
   <subfield code="c">17/10/2013</subfield>
  </datafield>
  <datafield tag="900" ind1=" " ind2=" ">
   <subfield code="a">Vol. 74 no. 2 (April 2009)</subfield>
   <subfield code="b">Οφειλόμενο</subfield>
   <subfield code="c">26/04/2010</subfield>
  </datafield>
  <datafield tag="900" ind1=" " ind2=" ">
   <subfield code="a">Vol. 74 no. 3 (June 2009)</subfield>
   <subfield code="b">Οφειλόμενο</subfield>
   <subfield code="c">26/04/2010</subfield>
  </datafield>
  <datafield tag="900" ind1=" " ind2=" ">
   <subfield code="a">Vol. 74 no. 5 (October 2009)</subfield>
   <subfield code="b">Οφειλόμενο</subfield>
   <subfield code="c">28/03/2011</subfield>
  </datafield>
  <datafield tag="900" ind1=" " ind2=" ">
   <subfield code="a">Vol. 74 no. 6 (December 2009)</subfield>
   <subfield code="b">Οφειλόμενο</subfield>
   <subfield code="c">26/05/2011</subfield>
  </datafield>
  <datafield tag="900" ind1=" " ind2=" ">
   <subfield code="a">Vol. 76 no. 6 (December 2011)</subfield>
   <subfield code="b">Οφειλόμενο</subfield>
   <subfield code="c">25/07/2012</subfield>
  </datafield>
  <datafield tag="950" ind1=" " ind2=" ">
   <subfield code="a">01/02/2009</subfield>
   <subfield code="c">SWETS INFORMATION SERVICES</subfield>
   <subfield code="d">793</subfield>
  </datafield>
  <datafield tag="951" ind1=" " ind2=" ">
   <subfield code="a">Vol. 77 no. 1 (February 2012) - Vol. 77 no. 6 (December 2012)</subfield>
   <subfield code="b">Main run</subfield>
  </datafield>
  <datafield tag="951" ind1=" " ind2=" ">
   <subfield code="a">Vol. 74 no. 1 (February 2009)</subfield>
   <subfield code="b">Main run</subfield>
  </datafield>
  <datafield tag="951" ind1=" " ind2=" ">
   <subfield code="a">Vol. 74 no. 4 (August 2009)</subfield>
   <subfield code="b">Main run</subfield>
  </datafield>
  <datafield tag="951" ind1=" " ind2=" ">
   <subfield code="a">Vol. 75 no. 1 (February 2010) - Vol. 75 no. 6 (December 2010)</subfield>
   <subfield code="b">Main run</subfield>
  </datafield>
  <datafield tag="951" ind1=" " ind2=" ">
   <subfield code="a">Vol. 76 no. 1 (February 2011) - Vol. 76 no. 5 (October 2011)</subfield>
   <subfield code="b">Main run</subfield>
  </datafield>
 </record>
</collection>
